000 00691nam a22002297a 4500
003 UA-OsUOA
001 97831
007 ta
008 20130405b un ||||| |||| 00| 0 ukr d
100 _aПаустовский К.
090 _a821.161.1
_bП12
942 _cBK
040 _aUA-OsUOA
_brus
_cUA-OsUOA
_dUA-OsUOA
245 _aСобрание сочинений в восьми томах
_b4
_cПовесть о жизни
300 _a710 с.
955 _a3
041 _arus
080 _a821.161.1
260 _aМ.
_bХудожественная литература
_c1968
650 7 _a82 Література. Літературознавство
_2UDC
999 _c384071
_d384071